Представление документа в формате MARC21

Поле Инд. ПП Название Значение
Тип записи a
Библиографический уровень m
001 Контрольный номер RU/IS/BASE/196281966
005 Дата корректировки 20220801123549.0
040 b Код языка каталог. rus
041 a Код языка текста rus
080 a Индекс УДК 004.42
084 a Индекс другой классификации/Индекс ББК 32.973.26-018
090 a Полочн. индекс 681.3
c Каталожный индекс 681.3.06
x Авторский знак Б89
097 b Оператор 11
100 a Автор Брудно А. Л.
245 a Заглавие Введение в программирование в содержательных обозначениях
250 a Основные сведения об издании 2-е изд., испр.
260 a Место издания М.
b Издательство Наука
c Дата издания 1968
300 a Объем 144 с.
b Иллюстрации/ тип воспроизводства ил.
440 a Серия Библиотечка программиста
510 a Примечание о ссылках Книги и методические пособия
650 a Основная рубрика 50.05 Теоретические основы программирования
x Основная подрубрика 50.05.03 Общетеоретические вопросы программирования
653 a Ключевые слова программирование; цифровые вычислительные машины
901 t Тип документа m